Estadísticas para Ciudades europeas en diferentes idiomas europeos

Haz click aquí para tomar la prueba!

Estadísticas generales

  • Esta prueba ha sido tomada 56 veces
  • La puntuación promedio es 29 de 60

Estadísticas de respuestas

Respuesta% Correcto
MilanfrancésMilan
98%
MiláninglésMilan
98%
PragaalemánPrag
94%
MilanfinlandésMilano
92%
AtenasalemánAthen
92%
MilanItalianoMilano
92%
KievItalianoKiev
91%
KievinglésKiev
91%
KievfrancésKiev
91%
NápolesItalianoNapoli
89%
NápolesfinlandésNapoli
89%
LisboainglésLisbon
87%
NizafrancésNice
85%
NizainglésNice
85%
PragafrancésPrague
81%
PragainglésPrague
81%
NápolesfrancésNaples
79%
NápolesinglésNaples
79%
San PetersburgoinglésSaint
Petersburg
79%
AtenasinglésAthens
79%
CracoviaItalianoCracovia
64%
ColoniaItalianoColonia
64%
ColoniainglésCologne
62%
ColoniafrancésCologne
62%
CracoviainglésKrakow
60%
ColoniafinlandésKöln
58%
ColoniaalemánKöln
58%
PragapolacoPraga
57%
PragaItalianoPraga
57%
CracoviapolacoKraków
55%
NizaalemánNizza
51%
NizafinlandésNizza
51%
NizaItalianoNizza
51%
AtenasItalianoAtene
40%
CracoviafrancésCracovie
40%
AtenasfrancésAthènes
38%
San PetersburgoalemánSankt
Petersburg
28%
PragafinlandésPraha
28%
LisboafrancésLisbonne
28%
San PetersburgofrancésSaint-
Pétersbourg
26%
San PetersburgopolacoPetersburg
23%
KievalemánKiew
19%
LisboafinlandésLissabon
17%
LisboaalemánLissabon
17%
LisboaItalianoLisbona
15%
San PetersburgoItalianoSan
Pietroburgo
15%
ColoniapolacoKolonia
11%
CracoviaalemánKrakau
9%
MilánalemánMailand
9%
NápolesalemánNeapel
6%
NápolespolacoNeapol
6%
CracoviafinlandésKrakova
6%
KievfinlandésKiova
4%
KievpolacoKijów
4%
AtenasfinlandésAteena
4%
NizapolacoNicea
4%
San PetersburgofinlandésPietari
4%
LisboapolacoLizbona
2%
AtenaspolacoAteny
2%
MilanpolacoMediolan
2%

Distribución de puntuación

Porcentaje por número respondido

Porcentaje de gente con cada puntuación

Historial de tus puntuaciones

No has tomado esta prueba